[Event "IND-ch U15 48th"]
[Site "Jalgaon"]
[Date "2023.12.28"]
[Round "3"]
[White "Pranay, Akula"]
[Black "Shaik, Sumer Arsh"]
[Result "0-1"]
[WhiteElo "1712"]
[BlackElo "2255"]
[PlyCount "86"]
[EventDate "2023.12.27"]
[EventType "swiss"]
[EventRounds "11"]
[EventCountry "IND"]
[SourceTitle "CB02_2024"]
[SourceDate "2024.01.10"]
[SourceVersion "1"]
[SourceVersionDate "2024.01.10"]
[SourceQuality "1"]

1. e4 e6 2. d4 d5 3. Nc3 Nf6 4. Bg5 dxe4 5. Nxe4 Be7 6. Bxf6 gxf6 7. Nf3 f5 8. Ng3 h5 9. h4 Nd7 10. Be2 Nf6 11. Qd2 Ng4 12. Bd3 Qd6 13. 0-0-0 Bd7 14. Kb1 0-0-0 15. Qe2 Bf6 16. c3 Kb8 17. Nf1 c5 18. Bc2 Qb6 19. Ne3 Bb5 20. Bd3 cxd4 21. cxd4 Bc6 22. Nc4 Qc7 23. Nce5 Nxe5 24. dxe5 Bxf3 25. Qxf3 Qxe5 26. Qe2 Qf4 27. g3 Qb4 28. a3 Qb6 29. Bc4 Rc8 30. Rd2 Qc6 31. Rc1 b5 32. Rdc2 bxc4 33. Rxc4 Qd5 34. Rb4+ Ka8 35. Rd1 Qc6 36. Ka2 Rb8 37. Rc1 Qd5+ 38. Ka1 Rxb4 39. axb4 Rb8 40. Qa6 Rxb4 41. Rc8+ Rb8 42. Rc2 Qd1+ 43. Ka2 Qxc2 0-1

[Event "IND-ch U19"]
[Site "Ahmedabad"]
[Date "2023.09.21"]
[Round "2"]
[White "Bharadia, Yash"]
[Black "Pranay, Akula"]
[Result "1-0"]
[WhiteElo "2000"]
[BlackElo "1651"]
[PlyCount "93"]
[EventDate "2023.09.20"]
[EventType "swiss"]
[EventRounds "11"]
[EventCountry "IND"]
[SourceTitle "EXT 2024"]
[Source "ChessBase"]
[SourceDate "2023.10.10"]
[SourceVersion "1"]
[SourceVersionDate "2023.10.10"]
[SourceQuality "1"]

1. e4 c5 2. Nf3 e6 3. d4 cxd4 4. Nxd4 Nf6 5. Nc3 Nc6 6. Ndb5 Bc5 7. Nd6+ Ke7 8. Bf4 e5 9. Nf5+ Kf8 10. Bg5 d6 11. Ne3 h6 12. Bxf6 Qxf6 13. Ncd5 Qd8 14. Be2 Be6 15. 0-0 g6 16. Kh1 Kg7 17. c3 a6 18. Qd2 Re8 19. Rad1 Rc8 20. g3 Ne7 21. Nxe7 Bxe3 22. Qxe3 Qxe7 23. b3 Rc5 24. c4 b5 25. cxb5 axb5 26. Rd2 b4 27. Rfd1 Rd8 28. Bf3 Qc7 29. Kg2 h5 30. h3 Qc8 31. h4 Qc7 32. Qg5 f6 33. Qe3 Qc6 34. Kh2 Rd7 35. Rd3 Rc2 36. R1d2 Rc5 37. Kg2 Rd8 38. Qe1 Rc1 39. Rd1 Rc3 40. Qd2 Bg4 41. Bxg4 hxg4 42. Rxd6 Qxe4+ 43. Kh2 Rc2 44. Rxd8 Rxd2 45. R1xd2 Qe1 46. R2d7+ Kh6 47. Rh8# 1-0

[Event "IND-ch 60th"]
[Site "Pune"]
[Date "2023.08.16"]
[Round "1"]
[White "Shyam, Nikil P"]
[Black "Pranay, Akula"]
[Result "1/2-1/2"]
[WhiteElo "2467"]
[BlackElo "1669"]
[PlyCount "86"]
[EventDate "2023.08.16"]
[EventType "swiss"]
[EventRounds "11"]
[EventCountry "IND"]
[SourceTitle "EXT 2024"]
[Source "ChessBase"]
[SourceDate "2023.10.10"]
[SourceVersion "1"]
[SourceVersionDate "2023.10.10"]
[SourceQuality "1"]

1. e4 c5 2. Nc3 e6 3. Nf3 Nc6 4. Bb5 Nd4 5. 0-0 a6 6. Bd3 Ne7 7. Nxd4 cxd4 8. Ne2 d5 9. e5 Nc6 10. f4 Bc5 11. a3 0-0 12. b4 Ba7 13. Ng3 f5 14. Kh1 Bd7 15. Bb2 Be8 16. Qe1 Qh4 17. Ne2 Qxe1 18. Raxe1 Rc8 19. Nc1 Ne7 20. Nb3 Ba4 21. Nxd4 Bxd4 22. Bxd4 Bxc2 23. Be2 Ba4 24. Bc5 Rf7 25. Rf3 Bb5 26. Bd1 a5 27. a4 Be8 28. Bb3 Nc6 29. Rc3 axb4 30. Bxb4 Ra8 31. Bc5 Na5 32. Bc2 Rc7 33. Bd4 Rc4 34. Rxc4 Nxc4 35. Ra1 Nxd2 36. Kg1 Nc4 37. Kf2 b5 38. axb5 Rxa1 39. Bxa1 Bxb5 40. Bd3 Na3 41. Bb2 Nc4 42. Bxc4 Bxc4 43. h3 Kf7 1/2-1/2

[Event "Bhubaneswar op-A 14th"]
[Site "Bhubaneswar"]
[Date "2023.06.15"]
[Round "7"]
[White "Mahith, Giridhar"]
[Black "Pranay, Akula"]
[Result "1-0"]
[WhiteElo "1650"]
[BlackElo "1541"]
[PlyCount "33"]
[EventDate "2023.06.11"]
[EventType "swiss"]
[EventRounds "10"]
[EventCountry "IND"]
[SourceTitle "CBM 214 Extra"]
[Source "ChessBase"]
[SourceDate "2023.07.31"]
[SourceVersion "1"]
[SourceVersionDate "2023.07.31"]
[SourceQuality "1"]

1. Nf3 Nf6 2. b3 d5 3. e3 g6 4. Bb2 Bg7 5. c4 c6 6. Be2 0-0 7. 0-0 a5 8. Nc3 Ne4 9. Qc2 Na6 10. a3 Re8 11. d3 Nxc3 12. Bxc3 e5 13. Qb2 Qc7 14. b4 axb4 15. axb4 Rb8 16. b5 cxb5 17. c5 1-0